Stockholm Lidingöbanan Stops - Statistics

General Stats
  • This quiz has been taken 20 times
  • The average score is 9 of 13
Answer Stats
Hint Answer % Correct
Linje 21 Ropsten
100%
Linje 21 AGA
80%
Linje 21 Gåshaga
80%
Linje 21 Torsvik
80%
Linje 21 Käppala
70%
Linje 21 Larsberg
70%
Linje 21 Skärsätra
70%
Linje 21 Baggeby
60%
Linje 21 Brevik
60%
Linje 21 Bodal
50%
Linje 21 Högberga
50%
Linje 21 Kottla
50%
Linje 21 Gåshaga brygga
40%
No matching quizzes found
Score Distribution
Percent of People with Each Score
Percentile by Number Answered
Your Score History
You have not taken this quiz